[Event "SRI-ch (Women)"]
[Site "Colombo"]
[Date "2023.04.03"]
[Round "12"]
[White "Ramanayake, Nemindi Linaya"]
[Black "Sanudula, KM Dahamdi"]
[Result "1/2-1/2"]
[WhiteElo "1397"]
[BlackElo "1732"]
[PlyCount "60"]
[EventDate "2023.03.25"]
[EventType "tourn"]
[EventRounds "13"]
[EventCountry "SRI"]
[SourceTitle "CBM 213 Extra"]
[Source "ChessBase"]
[SourceDate "2023.05.31"]
[SourceVersion "1"]
[SourceVersionDate "2023.05.31"]
[SourceQuality "1"]

1. e4 d5 2. exd5 Qxd5 3. Nc3 Qa5 4. d4 Nf6 5. Nf3 Bf5 6. Ne5 c6 7. g4 Be6 8. Bc4 Nbd7 9. Bxe6 Nxe5 10. g5 Ne4 11. dxe5 fxe6 12. Qd3 Nxc3 13. Qxc3 Qd5 14. Rg1 g6 15. Bd2 Bg7 16. f4 Qe4+ 17. Be3 0-0-0 18. Rd1 h6 19. Rd4 Rxd4 20. Qxd4 Qxc2 21. Qxa7 Qb1+ 22. Kf2 Qxb2+ 23. Kf3 Kd7 24. Bb6 Ke8 25. Qxb7 Qc3+ 26. Be3 hxg5 27. Rxg5 Kf7 28. Qb1 Rh6 29. Qe4 Qe1 30. Qc2 Rh3+ 1/2-1/2

[Event "SRI-ch (Women)"]
[Site "Nugegoda"]
[Date "2021.12.28"]
[Round "9"]
[White "Ramanayake, Nemindi Linaya"]
[Black "Newansa, M Esandi"]
[Result "1/2-1/2"]
[WhiteElo "1328"]
[BlackElo "1163"]
[PlyCount "63"]
[EventDate "2021.12.24"]
[EventType "tourn"]
[EventRounds "13"]
[EventCountry "SRI"]
[SourceTitle "CBM 205 Extra"]
[Source "ChessBase"]
[SourceDate "2022.01.31"]
[SourceVersion "1"]
[SourceVersionDate "2022.01.31"]
[SourceQuality "1"]

1. d4 d5 2. Bf4 Bf5 3. e3 e6 4. Bd3 Bxd3 5. Qxd3 c6 6. Nd2 Nf6 7. Ngf3 Nbd7 8. 0-0 Be7 9. c4 0-0 10. Qb3 Qb6 11. Qxb6 axb6 12. a3 Nh5 13. Bg3 Nxg3 14. hxg3 Bf6 15. Rac1 g6 16. Rc2 Rfd8 17. Re1 Bg7 18. Rf1 Ra5 19. Nb3 Ra4 20. Nbd2 h5 21. Rfc1 Nf6 22. cxd5 exd5 23. Ne5 Nd7 24. Nxd7 Rxd7 25. Nb3 Re7 26. Rd1 Kf8 27. Kf1 Re4 28. Nd2 Re6 29. Nb3 Re4 30. Nd2 Re6 31. Nb3 Re4 32. Nd2 1/2-1/2

[Event "SRI-ch (Women)"]
[Site "Nugegoda"]
[Date "2021.12.24"]
[Round "2"]
[White "Ramanayake, Nemindi Linaya"]
[Black "Vithanawasam, Oneli"]
[Result "1/2-1/2"]
[WhiteElo "1328"]
[BlackElo "1345"]
[PlyCount "81"]
[EventDate "2021.12.24"]
[EventType "tourn"]
[EventRounds "13"]
[EventCountry "SRI"]
[SourceTitle "CBM 205 Extra"]
[Source "ChessBase"]
[SourceDate "2022.01.31"]
[SourceVersion "1"]
[SourceVersionDate "2022.01.31"]
[SourceQuality "1"]

1. e4 c6 2. d4 d5 3. Nc3 dxe4 4. Nxe4 Nf6 5. Nxf6+ exf6 6. Nf3 Bd6 7. Bd3 0-0 8. 0-0 Bg4 9. h3 Bh5 10. Re1 Nd7 11. c3 Qc7 12. Be3 c5 13. dxc5 Nxc5 14. Be2 Rfe8 15. Nd4 Bxe2 16. Rxe2 a6 17. Qc2 Ne6 18. Nxe6 Rxe6 19. Bd4 Be5 20. Bxe5 fxe5 21. Rd1 g6 22. Qd3 Rae8 23. Qd7 Qxd7 24. Rxd7 R6e7 25. Red2 f5 26. Kf1 Kf7 27. Ke2 Rxd7 28. Rxd7+ Re7 29. Rd6 Re6 30. Rd7+ Re7 31. Rd6 Rc7 32. Rd8 Ke6 33. Kd3 Rd7+ 34. Rxd7 Kxd7 35. c4 Kd6 36. b4 b6 37. h4 h6 38. g3 g5 39. hxg5 hxg5 40. a3 Kc6 41. f3 1/2-1/2

[Event "Asia Club-ch Hybrid"]
[Site "Tornelo INT"]
[Date "2021.11.06"]
[Round "4.6"]
[White "Ramanayake, Nemindi Linaya"]
[Black "Vithanawasam, Oneli"]
[Result "1/2-1/2"]
[WhiteElo "1345"]
[BlackElo "1349"]
[PlyCount "157"]
[EventDate "2021.11.03"]
[EventType "team-swiss"]
[EventRounds "9"]
[EventCountry "NET"]
[SourceTitle "CBM 205 Extra"]
[Source "ChessBase"]
[SourceDate "2022.01.31"]
[SourceVersion "1"]
[SourceVersionDate "2022.01.31"]
[SourceQuality "1"]
[WhiteTeam "Super Knight CC II"]
[BlackTeam "Super Knight CC"]
[WhiteTeamCountry "SRI"]
[BlackTeamCountry "SRI"]

1. e4 c6 2. d4 d5 3. Nc3 dxe4 4. Nxe4 Nf6 5. Nxf6+ exf6 6. Nf3 Bd6 7. Bd3 0-0 8. 0-0 Bg4 9. c3 Qc7 10. h3 Bh5 11. Re1 Nd7 12. Be2 Rfe8 13. Nd2 Bxe2 14. Rxe2 Nf8 15. Ne4 Bh2+ 16. Kh1 f5 17. Ng5 h6 18. Nf3 Bd6 19. Qc2 Ng6 20. Qd3 Qd7 21. Bd2 Rxe2 22. Qxe2 Re8 23. Qd3 Re4 24. Be3 Nf4 25. Qc2 Nd5 26. Re1 Qe7 27. Bd2 g6 28. Qb1 Bf4 29. Bxf4 Nxf4 30. Kh2 c5 31. dxc5 Kh7 32. b4 Nd5 33. Rxe4 fxe4 34. Qb3 Nf4 35. Ne5 Kg7 36. Nc4 Nd3 37. Kg1 Qf6 38. Qc2 Qe6 39. Ne3 a5 40. a3 f5 41. c4 Qe5 42. Nd5 Qa1+ 43. Kh2 Qxa3 44. bxa5 Nxc5 45. Qc3+ Qxc3 46. Nxc3 Nb3 47. Nb5 Nxa5 48. Na3 Kf6 49. Kg3 g5 50. f4 exf3 51. Kxf3 Ke5 52. Ke3 f4+ 53. Kd3 h5 54. Nc2 Nc6 55. Ne1 g4 56. hxg4 hxg4 57. Nc2 Kf5 58. Ne1 Ne5+ 59. Kd4 Nc6+ 60. Kd5 Kg5 61. Ke4 Na5 62. Nd3 Nxc4 63. Nxf4 Kh4 64. Ne2 Nd2+ 65. Ke3 Nc4+ 66. Kd4 Nd6 67. Ke5 Nf7+ 68. Kf4 b5 69. Ke4 Ng5+ 70. Kd4 Nh3 71. Kc5 Ng1 72. Nxg1 Kg3 73. Ne2+ Kxg2 74. Nf4+ Kg3 75. Nh5+ Kh4 76. Nf4 b4 77. Kxb4 Kg3 78. Nh5+ Kh4 79. Nf4 1/2-1/2

[Event "Asia Club-ch Hybrid"]
[Site "Tornelo INT"]
[Date "2021.11.05"]
[Round "3.5"]
[White "Mohammad Ebrahimkhan Abri, Dorsa"]
[Black "Ramanayake, Nemindi Linaya"]
[Result "1-0"]
[WhiteElo "2017"]
[BlackElo "1345"]
[PlyCount "87"]
[EventDate "2021.11.03"]
[EventType "team-swiss"]
[EventRounds "9"]
[EventCountry "NET"]
[SourceTitle "CBM 205 Extra"]
[Source "ChessBase"]
[SourceDate "2022.01.31"]
[SourceVersion "1"]
[SourceVersionDate "2022.01.31"]
[SourceQuality "1"]
[WhiteTeam "Pishgam Novin"]
[BlackTeam "Super Knight CC II"]
[WhiteTeamCountry "IRI"]
[BlackTeamCountry "SRI"]

1. d4 d5 2. Nf3 Nf6 3. e3 Bf5 4. c4 c6 5. Nc3 e6 6. Nh4 Bg4 7. Qb3 Qb6 8. h3 Bh5 9. g4 Bg6 10. Nxg6 hxg6 11. Bg2 Qxb3 12. axb3 Bd6 13. Ke2 Nbd7 14. g5 Ng8 15. e4 dxe4 16. Bxe4 Ne7 17. Be3 a6 18. h4 Nf5 19. Bxf5 gxf5 20. h5 0-0-0 21. h6 gxh6 22. Rxh6 Rxh6 23. gxh6 f4 24. Ne4 Nf8 25. Nxd6+ Rxd6 26. Bxf4 Rxd4 27. Rg1 Kd7 28. Ke3 c5 29. Rg8 Ke7 30. Bg5+ f6 31. Rg7+ Ke8 32. Bxf6 Rd7 33. Bc3 Rf7 34. b4 b6 35. bxc5 bxc5 36. b4 cxb4 37. Bxb4 Nh7 38. Bc3 Rxg7 39. hxg7 Kf7 40. c5 e5 41. Bxe5 Ng5 42. c6 Ne6 43. f4 a5 44. f5 1-0

[Event "Eastern Asia-ch U18 Girls"]
[Site "Tornelo INT"]
[Date "2021.10.24"]
[Round "9"]
[White "Ramanayake, Nemindi Linaya"]
[Black "Huynh, Ngoc Anh Thu"]
[Result "1-0"]
[WhiteElo "1130"]
[BlackElo "1469"]
[PlyCount "53"]
[EventDate "2021.10.22"]
[EventType "swiss"]
[EventRounds "9"]
[EventCountry "NET"]
[SourceTitle "EXT 2023"]
[Source "ChessBase"]
[SourceDate "2022.10.05"]
[SourceVersion "1"]
[SourceVersionDate "2022.10.05"]
[SourceQuality "1"]

1. e4 e5 2. Nf3 d5 3. exd5 e4 4. Qe2 Qe7 5. Nd4 Qe5 6. Nb5 a6 7. d4 Qe7 8. N5c3 Nf6 9. Nd2 Bg4 10. Qe3 Bf5 11. g3 g6 12. Bg2 Ng4 13. Qe2 e3 14. Nde4 exf2+ 15. Nxf2 Qxe2+ 16. Kxe2 Nxf2 17. Kxf2 Bxc2 18. Bf4 Kd7 19. Bh3+ Bf5 20. g4 Bd3 21. Rhd1 Bc4 22. b3 Bb4 23. Rac1 Bxc3 24. Rxc3 Bxd5 25. Rxc7+ Kd8 26. g5 Nc6 27. Rd7+ 1-0

[Event "Eastern Asia-ch U18 Girls"]
[Site "Tornelo INT"]
[Date "2021.10.23"]
[Round "4"]
[White "Nguyen, Ha Phuong1111"]
[Black "Ramanayake, Nemindi Linaya"]
[Result "0-1"]
[WhiteElo "1490"]
[BlackElo "1130"]
[PlyCount "26"]
[EventDate "2021.10.22"]
[EventType "swiss"]
[EventRounds "9"]
[EventCountry "NET"]
[SourceTitle "EXT 2023"]
[Source "ChessBase"]
[SourceDate "2022.10.05"]
[SourceVersion "1"]
[SourceVersionDate "2022.10.05"]
[SourceQuality "1"]

1. e4 c6 2. d4 d5 3. e5 Bf5 4. f4 e6 5. Nf3 Nd7 6. Bd3 Bg6 7. 0-0 Ne7 8. Nh4 c5 9. c3 Nc6 10. Nxg6 hxg6 11. dxc5 Bxc5+ 12. Kh1 Rxh2+ 13. Kxh2 Qh4# 0-1

[Event "Eastern Asia-ch U18 Girls"]
[Site "Tornelo INT"]
[Date "2021.10.23"]
[Round "5"]
[White "Rindhiya, V."]
[Black "Ramanayake, Nemindi Linaya"]
[Result "1-0"]
[WhiteElo "1446"]
[BlackElo "1130"]
[PlyCount "57"]
[EventDate "2021.10.22"]
[EventType "swiss"]
[EventRounds "9"]
[EventCountry "NET"]
[SourceTitle "EXT 2023"]
[Source "ChessBase"]
[SourceDate "2022.10.05"]
[SourceVersion "1"]
[SourceVersionDate "2022.10.05"]
[SourceQuality "1"]

1. e4 c6 2. d4 d5 3. Nc3 dxe4 4. Nxe4 Nf6 5. Nxf6+ exf6 6. c3 Bd6 7. Bd3 0-0 8. Ne2 Qc7 9. Qc2 h6 10. Be3 Be6 11. h3 c5 12. dxc5 Bxc5 13. Bxc5 Qxc5 14. 0-0 Nc6 15. Rfe1 Rac8 16. Rac1 Qb6 17. a3 Bb3 18. Qb1 Ne5 19. Nd4 Nxd3 20. Qxd3 Bc4 21. Qg3 Be6 22. Re2 Rfe8 23. Rce1 Bd7 24. Nf5 g6 25. Ne7+ Rxe7 26. Rxe7 Be6 27. R1xe6 fxe6 28. Qxg6+ Kf8 29. Qg7# 1-0

[Event "Eastern Asia-ch U18 Girls"]
[Site "Tornelo INT"]
[Date "2021.10.22"]
[Round "2"]
[White "Chuersakul, Sarocha"]
[Black "Ramanayake, Nemindi Linaya"]
[Result "1-0"]
[WhiteElo "1680"]
[BlackElo "1130"]
[PlyCount "93"]
[EventDate "2021.10.22"]
[EventType "swiss"]
[EventRounds "9"]
[EventCountry "NET"]
[SourceTitle "EXT 2023"]
[Source "ChessBase"]
[SourceDate "2022.10.05"]
[SourceVersion "1"]
[SourceVersionDate "2022.10.05"]
[SourceQuality "1"]

1. c4 c6 2. Nc3 d5 3. e3 Nf6 4. Nf3 e6 5. d4 Bd6 6. Bd3 Nbd7 7. e4 dxe4 8. Nxe4 Nxe4 9. Bxe4 Nf6 10. Bc2 Bb4+ 11. Bd2 Qa5 12. 0-0 Bxd2 13. Nxd2 0-0 14. Ne4 Nxe4 15. Bxe4 Rd8 16. Qc2 f5 17. Bf3 Rxd4 18. Rfd1 c5 19. Rxd4 cxd4 20. a3 Qb6 21. c5 Qa6 22. Be2 Qc6 23. Qc4 b6 24. Bf3 Qxc5 25. Qxc5 bxc5 26. Bxa8 c4 27. Rd1 d3 28. Bc6 Ba6 29. a4 Kf7 30. Bb5 Bxb5 31. axb5 e5 32. Kf1 Ke6 33. Ke1 Kd5 34. Kd2 Kd4 35. Ra1 e4 36. Rxa7 f4 37. b6 e3+ 38. fxe3+ fxe3+ 39. Kd1 c3 40. bxc3+ Kxc3 41. Rc7+ Kd4 42. b7 d2 43. b8Q Kd3 44. Qb5+ Kd4 45. Rc4+ Kd3 46. Rf4+ Kc3 47. Qb4+ 1-0

[Event "Eastern Asia-ch U18 Girls"]
[Site "Tornelo INT"]
[Date "2021.10.22"]
[Round "3"]
[White "Ramanayake, Nemindi Linaya"]
[Black "Chua, Jia Tien"]
[Result "1/2-1/2"]
[WhiteElo "1130"]
[BlackElo "1798"]
[PlyCount "103"]
[EventDate "2021.10.22"]
[EventType "swiss"]
[EventRounds "9"]
[EventCountry "NET"]
[SourceTitle "EXT 2023"]
[Source "ChessBase"]
[SourceDate "2022.10.05"]
[SourceVersion "1"]
[SourceVersionDate "2022.10.05"]
[SourceQuality "1"]

1. e4 c5 2. Nf3 d6 3. d4 cxd4 4. Qxd4 Nf6 5. Be2 Nc6 6. Qe3 g6 7. h3 Bg7 8. 0-0 0-0 9. Rd1 Qc7 10. a3 h6 11. c4 Be6 12. Nd4 Nxd4 13. Qxd4 Nd7 14. Qe3 Bxc4 15. Bxc4 Qxc4 16. Nd2 Qc2 17. Qb3 Rac8 18. Qxc2 Rxc2 19. Nf1 Rfc8 20. Ne3 R2c6 21. Nd5 Kf8 22. Rb1 a5 23. b4 e6 24. b5 Rc5 25. Be3 exd5 26. Bxc5 Rxc5 27. Rxd5 Rxd5 28. exd5 Nb6 29. Rd1 Ke7 30. f4 Nc4 31. a4 Nb2 32. Rc1 Kd7 33. Kf1 Nxa4 34. Rc2 Nb6 35. Ra2 Bc3 36. Ke2 Nxd5 37. Kf3 b6 38. Ke4 Ke6 39. g4 Bb4 40. f5+ gxf5+ 41. gxf5+ Kf6 42. Kxd5 Kxf5 43. Rf2+ Kg6 44. Kc6 Bc5 45. Rf4 f5 46. h4 h5 47. Rc4 Kf6 48. Kd5 Bb4 49. Kc6 Bc5 50. Kd5 Ke7 51. Rf4 Kf6 52. Rc4 1/2-1/2

[Event "World Cup U18 Girls Prel"]
[Site "Tornelo INT"]
[Date "2021.08.01"]
[Round "2"]
[White "Bristy, Mukherjee"]
[Black "Ramanayake, Nemindi Linaya"]
[Result "1-0"]
[WhiteElo "1924"]
[BlackElo "1345"]
[PlyCount "77"]
[EventDate "2021.08.01"]
[EventType "swiss (rapid)"]
[EventRounds "10"]
[EventCountry "NET"]
[SourceTitle "EXT 2024"]
[Source "ChessBase"]
[SourceDate "2023.10.10"]
[SourceVersion "1"]
[SourceVersionDate "2023.10.10"]
[SourceQuality "1"]

1. d4 d5 2. Bg5 Bf5 3. c4 c6 4. Nc3 h6 5. Bh4 Qd7 6. e3 e6 7. Nf3 Bd6 8. Qb3 Ne7 9. c5 Bxc5 10. dxc5 0-0 11. Be2 f6 12. Rd1 Qc8 13. e4 dxe4 14. Nd4 Kh7 15. g4 Bg6 16. Qxe6 Qe8 17. Nf5 Rf7 18. Nd6 Qf8 19. Nxf7 Bxf7 20. Qxe4+ Bg6 21. Qd4 f5 22. Bxe7 Qxe7 23. gxf5 Bxf5 24. Qe3 Qf7 25. Rd8 Be6 26. Bd3+ Bf5 27. Rg1 Bxd3 28. Qxd3+ g6 29. Rg3 h5 30. Ne4 Kh6 31. Qd2+ Kg7 32. Qd4+ Kh6 33. Rh8+ Qh7 34. Rxh7+ Kxh7 35. Ng5+ Kg8 36. Qd8+ Kg7 37. Qe7+ Kg8 38. Qf7+ Kh8 39. Qh7# 1-0

[Event "SRI-ch U14 Girls"]
[Site "Nugegoda"]
[Date "2021.03.13"]
[Round "8"]
[White "Ramanayake, Nemindi Linaya"]
[Black "Weerasekara, Dinul Vinsitha"]
[Result "1/2-1/2"]
[WhiteElo "1236"]
[BlackElo "1267"]
[PlyCount "80"]
[EventDate "2021.03.09"]
[EventType "tourn"]
[EventRounds "11"]
[EventCountry "SRI"]
[SourceTitle "CBM 201 Extra"]
[Source "ChessBase"]
[SourceDate "2021.05.31"]
[SourceVersion "1"]
[SourceVersionDate "2021.05.31"]
[SourceQuality "1"]

1. e4 c6 2. d4 d5 3. e5 Bf5 4. Nf3 e6 5. Be2 Nd7 6. 0-0 Bg6 7. a4 Nh6 8. a5 Nf5 9. c3 Be7 10. Bf4 Qc7 11. Nbd2 h5 12. b4 0-0 13. Nb3 b6 14. Qd2 c5 15. axb6 axb6 16. bxc5 bxc5 17. dxc5 Rab8 18. Nbd4 Nxc5 19. Nb5 Rxb5 20. Bxb5 Nb3 21. Qb2 Nxa1 22. Qxa1 Rb8 23. Be2 Nh4 24. Nd4 Rc8 25. Rc1 Qb8 26. g3 Nf5 27. Nxf5 Bxf5 28. h4 g6 29. c4 dxc4 30. Rxc4 Rxc4 31. Bxc4 Kg7 32. Qc1 Qb4 33. Bf1 Qd4 34. Qe3 Qd1 35. Qe2 Qa4 36. Qc4 Qa1 37. Qc1 Qd4 38. Qe3 Qd5 39. Bg2 Qd1+ 40. Kh2 Qc2 1/2-1/2

[Event "Wch FIDE Online U12 Girls Asia qual"]
[Site "Tornelo INT"]
[Date "2020.12.12"]
[Round "3"]
[White "Enkhrii, Enkh Amgalan"]
[Black "Ramanayake, Nemindi Linaya"]
[Result "1-0"]
[WhiteElo "1421"]
[BlackElo "1236"]
[PlyCount "68"]
[EventDate "2020.12.11"]
[EventType "swiss (rapid)"]
[EventRounds "7"]
[EventCountry "ISS"]
[SourceTitle "EXT 2022"]
[Source "ChessBase"]
[SourceDate "2021.10.06"]
[SourceVersion "1"]
[SourceVersionDate "2021.10.06"]
[SourceQuality "1"]

1. e4 e6 2. d4 d5 3. Nd2 Nf6 4. e5 Nfd7 5. Bd3 c5 6. c3 Nc6 7. Ne2 Qb6 8. Nf3 Be7 9. 0-0 0-0 10. a3 h6 11. Bc2 c4 12. b4 cxb3 13. Bxb3 Na5 14. Bc2 Qc7 15. Qd3 f5 16. exf6 Nxf6 17. Ne5 Bd6 18. f4 Nc4 19. Ng3 b5 20. Qg6 Qe7 21. Nh5 Ne4 22. Bxe4 dxe4 23. Qxe4 Bb7 24. Qg6 Bxe5 25. dxe5 Qf7 26. Nf6+ Qxf6 27. exf6 Rxf6 28. Qg3 Be4 29. Qe1 Rg6 30. Qxe4 Rf6 31. Qxa8+ Kh7 32. Qxa7 Rg6 33. a4 bxa4 34. Rxa4 Nd6 1-0

[Event "Wch FIDE Online U12 Girls Asia qual"]
[Site "Tornelo INT"]
[Date "2020.12.11"]
[Round "1"]
[White "Zakirova, Aisha"]
[Black "Ramanayake, Nemindi Linaya"]
[Result "1/2-1/2"]
[WhiteElo "1585"]
[BlackElo "1236"]
[PlyCount "121"]
[EventDate "2020.12.11"]
[EventType "swiss (rapid)"]
[EventRounds "7"]
[EventCountry "ISS"]
[SourceTitle "EXT 2022"]
[Source "ChessBase"]
[SourceDate "2021.10.06"]
[SourceVersion "1"]
[SourceVersionDate "2021.10.06"]
[SourceQuality "1"]

1. d4 d5 2. c4 c6 3. Nf3 Nf6 4. Nc3 e6 5. e3 Bd6 6. Qc2 Nbd7 7. Bd3 b6 8. 0-0 Bb7 9. Rd1 0-0 10. b3 h6 11. Bb2 Rc8 12. Rac1 Qe7 13. Qb1 e5 14. cxd5 cxd5 15. dxe5 Nxe5 16. Be2 a6 17. Nd4 Bc5 18. h3 b5 19. Bf1 Rfd8 20. Nce2 Ne4 21. Nf4 Qg5 22. Be2 Bb6 23. Rxc8 Rxc8 24. Rc1 Qd8 25. Nf5 f6 26. Nxg7 Qd7 27. Ngh5 Kf7 28. Bxe5 fxe5 29. Bg4 Rxc1+ 30. Qxc1 Qc6 31. Qxc6 Bxc6 32. Be6+ Ke7 33. Bxd5 Kd6 34. Bxc6 Kxc6 35. Nd3 Kd6 36. Kf1 Nc3 37. a3 Nb1 38. a4 Nd2+ 39. Ke2 Nxb3 40. axb5 axb5 41. f4 Nc5 42. Nxe5 b4 43. Nc4+ Kc6 44. Nxb6 Kxb6 45. Kd2 b3 46. Kc3 Kc6 47. f5 Kd6 48. g4 Ke5 49. Ng3 Kf6 50. h4 Kg7 51. e4 Kf6 52. Ne2 Nxe4+ 53. Kxb3 Nf2 54. Nd4 Nxg4 55. Kc3 Ne3 56. Kd3 Nxf5 57. Nxf5 Kxf5 58. Ke3 Kg4 59. Kf2 Kxh4 60. Kg2 Kg4 61. Kh2 1/2-1/2